000 00309nam a22001457a 4500
008 210428b ||||| |||| 00| 0 eng d
020 _a2900840068582
041 _aeng
080 _27th
_a575
082 _a575
100 _a5
101 _aBIO
245 _aBiochemistry
_cCampbell,M.K
942 _2udc
_cBK
999 _c56884
_d56884